000 00352nam a2200145Ia 4500
008 230917s9999||||xx |||||||||||||| ||und||
020 _cRS200
040 _e8863
_aMAIN
041 _aEnglish
082 _a327.51 D26C
100 _aDas, Naranarayan, ed.
245 0 _aContemporary Chinese politics and foreign policy
260 _c1989
942 _cBK
999 _c76776
_d76776